[Event "Tver Region-ch Rapid (Women)"]
[Site "Kimry"]
[Date "2017.12.10"]
[Round "6.1"]
[White "Bykova, Natalia"]
[Black "Pershina, Nelli"]
[Result "1-0"]
[WhiteElo "1765"]
[BlackElo "1482"]
[PlyCount "91"]
[EventDate "2017.12.08"]
[EventType "swiss (rapid)"]
[EventRounds "7"]
[EventCountry "RUS"]
[SourceTitle "EXT 2022"]
[Source "ChessBase"]
[SourceDate "2021.10.06"]
[SourceVersion "1"]
[SourceVersionDate "2021.10.06"]
[SourceQuality "1"]

1. e4 c6 2. d4 d5 3. exd5 cxd5 4. c4 dxc4 5. Bxc4 Nc6 6. Nf3 Bg4 7. Be3 e6 8. Be2 Bb4+ 9. Nc3 Nf6 10. 0-0 0-0 11. Qb3 Nd5 12. Nxd5 Qxd5 13. Bc4 Qe4 14. Ng5 Qg6 15. d5 exd5 16. Bxd5 a5 17. f4 h6 18. Nf3 Bh3 19. Rf2 Be6 20. Bxe6 Qxe6 21. Qxe6 fxe6 22. a3 Bd6 23. g3 Rf5 24. Rd1 Rd5 25. Rdd2 Rxd2 26. Rxd2 Be7 27. Rd7 b5 28. Rc7 Ra6 29. Rc8+ Kf7 30. Rxc6 Rxc6 31. Ne5+ Kf6 32. Nxc6 b4 33. axb4 Bxb4 34. Nxb4 axb4 35. b3 e5 36. fxe5+ Kxe5 37. Bc5 Kd5 38. Bxb4 Kc6 39. Bf8 g6 40. Bxh6 Kb5 41. Bd2 Kc5 42. h4 Kd4 43. g4 Kd3 44. h5 gxh5 45. gxh5 Kxd2 46. h6 1-0

[Event "Tver Region-ch Rapid (Women)"]
[Site "Kimry"]
[Date "2017.12.09"]
[Round "3.3"]
[White "Dementieva, Ksenia"]
[Black "Pershina, Nelli"]
[Result "1-0"]
[WhiteElo "1495"]
[BlackElo "1482"]
[PlyCount "83"]
[EventDate "2017.12.08"]
[EventType "swiss (rapid)"]
[EventRounds "7"]
[EventCountry "RUS"]
[SourceTitle "EXT 2022"]
[Source "ChessBase"]
[SourceDate "2021.10.06"]
[SourceVersion "1"]
[SourceVersionDate "2021.10.06"]
[SourceQuality "1"]

1. e4 c6 2. Nf3 d5 3. exd5 cxd5 4. d4 Bg4 5. Be2 Nc6 6. Be3 e6 7. h3 Bf5 8. c3 Nf6 9. Bd3 Bxd3 10. Qxd3 Bd6 11. Nbd2 Qb6 12. b4 Rc8 13. 0-0 0-0 14. a4 a5 15. b5 Ne7 16. Rfc1 Rc7 17. c4 dxc4 18. Nxc4 Rxc4 19. Rxc4 Nfd5 20. Ne5 Nb4 21. Rxb4 Bxb4 22. Nd7 Qd8 23. Nxf8 Qxf8 24. Bd2 Nd5 25. Rc1 g6 26. Bxb4 Qxb4 27. Qc4 Qxc4 28. Rxc4 b6 29. Kf1 Kg7 30. Ke2 Kf6 31. Kf3 h5 32. Ke4 g5 33. g3 Kg7 34. Ke5 Kg6 35. f4 gxf4 36. gxf4 f6+ 37. Kxe6 Nxf4+ 38. Kd6 Nxh3 39. Kc6 h4 40. d5 Kg5 41. d6 Nf4 42. Rxf4 1-0